Analýza výkonnosti podniku na základe Du Pontovho rozkladu rentability diplomová práca

Uložené v:
Podrobná bibliografia
Hlavný autor: Vízváry, Patrik
Korporativný autor: Fakulta hospodárskej informatiky EU. Katedra účtovníctva a audítorstva
Ďalší autori: Lovciová, Kornélia, 1983-
Médium: Kniha
Jazyk:Slovak
Vydavateľské údaje: Bratislava 2024
Tagy: Pridať tag
Žiadne tagy, Buďte prvý, kto otaguje tento záznam!

MARC

LEADER 00000nbm a2200000 4500
001 0302581
005 20250205083822.3
041 0 |a slo 
044 |a SK 
245 1 0 |a Analýza výkonnosti podniku na základe Du Pontovho rozkladu rentability  |b diplomová práca  |c Patrik Vízváry ; školiteľ: Kornélia Lovciová 
264 1 |a Bratislava  |c 2024 
300 |a 82 s. 
100 1 |a Vízváry, Patrik 
700 1 |a Lovciová, Kornélia, 1983- 
710 2 |a Fakulta hospodárskej informatiky EU. Katedra účtovníctva a audítorstva